Marital Disharmony and Divorce Law in India/ (Record no. 186799)

MARC details
000 -LEADER
fixed length control field 00594nam a22001817a 4500
005 - DATE AND TIME OF LATEST TRANSACTION
control field 20220316161956.0
010 ## - LCCN (DPL NO)
LC control number ENG-132005
020 ## - INTERNATIONAL STANDARD BOOK NUMBER
International Standard Book Number 9789386695222
Terms of availability 995.00
035 ## - SYSTEM CONTROL NUMBER
System control number EN-115537
037 ## - SOURCE OF ACQUISITION
Source of stock number/acquisition DBAD
082 ## - DEWEY DECIMAL CLASSIFICATION NUMBER
Classification number 346.540166
100 ## - MAIN ENTRY--PERSONAL NAME
Personal name Raj, Kavi
245 ## - TITLE STATEMENT
Title Marital Disharmony and Divorce Law in India/
Statement of responsibility, etc Kavi Raj
260 ## - PUBLICATION, DISTRIBUTION, ETC. (IMPRINT)
Place of publication, distribution, etc New Delhi
Name of publisher, distributor, etc Aryan Publication
Date of publication, distribution, etc 2020
270 ## - ADDRESS
City New Delhi
Address 110, Gali No. 4, Harphool Vihar, Barpraula
Postal code 110043
Electronic mail address aryanpublication12@gmail.com
300 ## - PHYSICAL DESCRIPTION
Extent vi, 310p.
Other physical details Bibliography
Dimensions 23cm(pbk)
942 ## - ADDED ENTRY ELEMENTS (KOHA)
Source of classification or shelving scheme Dewey Decimal Classification
Item type English Books
Classification part 346.540166
Call number suffix RAJ
Holdings
Withdrawn status Lost status Not for loan Collection code Home library Current library Date acquired Source of acquisition Cost, normal purchase price Full call number Barcode Copy number Cost, replacement price Koha item type
      Non-fiction Central Library Central Library 16/03/2022 DBAD/PUB 995.00 346.540166 RAJ EN-115537 1 995.00 English Books

© Delhi Public Library
Hit Counter
free hit counter